سو د (Record no. 168769)

MARC details
000 -LEADER
fixed length control field 00709nam a22001937a 4500
005 - DATE AND TIME OF LATEST TRANSACTION
control field 20191024132351.0
010 ## - LCCN (DPL NO)
LC control number UR-10553
020 ## - INTERNATIONAL STANDARD BOOK NUMBER
Terms of availability 120.00
International Standard Book Number 8180880192
035 ## - SYSTEM CONTROL NUMBER
System control number U-9108
037 ## - SOURCE OF ACQUISITION
Source of stock number/acquisition DBAD/PUB
Stock number -
082 ## - DEWEY DECIMAL CLASSIFICATION NUMBER
Classification number 330.270
100 ## - MAIN ENTRY--PERSONAL NAME
Personal name مو لا نا سيد ا بو الاعلی مو د و د ی
245 ## - TITLE STATEMENT
Title سو د
Statement of responsibility, etc مو لا نا سيد ا بو الاعلی مو د و د ی
246 ## - VARYING FORM OF TITLE
Remainder of title Sood (Urdu)
Title proper/short title by Molan Syed Abuulala Modoodi
260 ## - PUBLICATION, DISTRIBUTION, ETC. (IMPRINT)
Place of publication, distribution, etc N.Delhi
Name of publisher, distributor, etc Markazi Maktaba Islami Publishers
Date of publication, distribution, etc 2014 ء
270 ## - ADDRESS
Address D-307,Dawat Nagar,Abulfazal Enclave, Jamia Ngr.
City New Delhi
Postal code 110025
Telephone number 26971652
Fax number -
300 ## - PHYSICAL DESCRIPTION
Extent 280 ص
Dimensions 22 Cm(Hb)
942 ## - ADDED ENTRY ELEMENTS (KOHA)
Source of classification or shelving scheme Dewey Decimal Classification
Item type Urdu Bks
Classification part 330.270
Call number suffix م و د
Holdings
Withdrawn status Lost status Not for loan Collection code Home library Current library Date acquired Source of acquisition Cost, normal purchase price Full call number Barcode Copy number Cost, replacement price Koha item type
    Not For Loan Non-fiction D.B.Act.Division D.B.Act.Division 24/10/2019 DBAD/PUB 120.00 330.270 م و د U-9108 1 120.00 Urdu Bks

© Delhi Public Library
Hit Counter
free hit counter